Most Northern Stations South of the Thames - Statistics

General Stats
  • This quiz has been taken 9 times
    8 since last reset
  • The average score is 17 of 20
Answer Stats
Borough Station % Correct
Southwark Bermondsey
100%
Southwark Borough
100%
Southwark Canada Water
100%
Southwark Elephant & Castle
100%
Southwark Kennington
100%
Lambeth Lambeth North
100%
Southwark London Bridge
100%
Greenwich North Greenwich
100%
Southwark Southwark
100%
Lambeth Waterloo
100%
Southwark Rotherhithe
86%
Greenwich Woolwich
86%
Greenwich Woolwich Arsenal
86%
Greenwich Abbey Wood
71%
Greenwich Plumstead
71%
Southwark Surrey Quays
71%
Lambeth Waterloo East
71%
Bexley Belvedere
57%
Greenwich Greenwich Penninsula
57%
Greenwich Woolwich Dockyard
57%
No matching quizzes found
Score Distribution
Percent of People with Each Score
Percentile by Number Answered
Your Score History
You have not taken this quiz since the last reset